000 00998nam a22002657a 4500
001 06743
003 HDC
007 cr bn ---aaaaa
008 210124b20062006my ||||| |||| 00| 0 eng d
040 _aHDC
110 _aNational SME Development Council (Malaysia)
245 0 _aPotentiol Growth for SMEs:
_bChapter 8
_c/ National SME Development Council
260 _aMalaysia:
_bNational SME Development Council,
_c2006
300 _a1 online resource (26 pages)
336 _atext
_2rdacontent
337 _acomputer
_2rdamedia
338 _aonline resource
_2rdacarrier
500 _aOriginally from: SME Annual Report 2006 (pages 147-170)
650 _aHalal food industry
_zMalaysia
_9218
650 _aSmall and Medium Enterprises (SMEs)
_zMalaysia
_91799
856 _zRequest full-text at [email protected]
942 _2lcc
942 _cCHAP
942 _kEBCH 004290
999 _c4067
_d4067